Влияние текстуры металла на угловое распределение акустических (скорость звука) и магнитных свойств (эффект Баргаузена) стали; Перспективы развития фундаментальных наук

Chi tiết về thư mục
Parent link:Перспективы развития фундаментальных наук.— 2008.— С. 58-59
Tác giả chính: Лю Шань
Tác giả khác: Ван Ян (научный руководитель), Черданцев Ю. П.
Ngôn ngữ:Tiếng Nga
Được phát hành: 2008
Những chủ đề:
Định dạng: MixedMaterials Chương của sách
KOHA link:https://koha.lib.tpu.ru/cgi-bin/koha/opac-detail.pl?biblionumber=153867

MARC

LEADER 00000naa2a2200000 4500
001 153867
005 20231031151554.0
035 |a (RuTPU)RU\TPU\book\166912 
090 |a 153867 
100 |a 20090217d2008 k y0rusy50 ca 
101 0 |a rus 
102 |a RU 
200 1 |a Влияние текстуры металла на угловое распределение акустических (скорость звука) и магнитных свойств (эффект Баргаузена) стали  |f Лю Шань, Ван Ян  |g науч. рук. Ю. П. Черданцев 
320 |a Библиогр.: 4 назв. 
463 0 |0 (RuTPU)RU\TPU\book\161548  |t Перспективы развития фундаментальных наук  |o труды V Международной конференции студентов и молодых ученых, 20-23 мая 2008 г., Томск  |f Томский политехнический университет (ТПУ)  |v С. 58-59  |d 2008  |p 334 с. 
610 1 |a металлы 
610 1 |a акустические свойства 
610 1 |a магнитные свойства 
610 1 |a звук 
610 1 |a эффект Баргаузена 
610 1 |a сталь 
610 1 |a микромагнитные методы 
610 1 |a текстура металла 
610 1 |a скорость 
610 1 |a труды учёных ТПУ 
700 0 |a Лю Шань 
701 0 |a Ван Ян 
702 1 |a Черданцев  |b Ю. П.  |4 727 
801 1 |a RU  |b 63413507  |c 20090217  |g PSBO 
801 2 |a RU  |b 63413507  |c 20130524  |g RCR 
942 |c BK